On the Measurement of Agricultural Protection How Price Uncertainty and Limited Substitution Matter
Gespeichert in:
| 1. Verfasser: | |
|---|---|
| Weitere Verfasser: | , |
| Format: | Buch |
| Sprache: | Englisch |
| Veröffentlicht: |
Kiel
Institut für Weltwirtschaft
1990
|
| Schriftenreihe: | Working Paper
No. 414 |
| Tags: |
Keine Tags, Fügen Sie das erste Tag hinzu!
|
MARC
| LEADER | 00000nam a2200000 4500 | ||
|---|---|---|---|
| 001 | c035233 | ||
| 005 | 20250526081844.3 | ||
| 041 | 0 | |a eng | |
| 044 | |a DE | ||
| 245 | 1 | 0 | |a On the Measurement of Agricultural Protection |b How Price Uncertainty and Limited Substitution Matter |c Roland Herrmann, Patricia Schenck, Manfred Wiebelt |
| 264 | 1 | |a Kiel |b Institut für Weltwirtschaft |c 1990 | |
| 300 | |a 33 s. | ||
| 490 | 1 | |a Working Paper |v No. 414 | |
| 830 | 0 | |a Working Paper |v No. 414 | |
| 100 | 1 | |a Herrmann, Roland | |
| 700 | 1 | |a Schenck, Patricia | |
| 700 | 1 | |a Wiebelt, Manfred | |